| 000 | 01609nam0a22003491 4500 | ||
|---|---|---|---|
| 001 | v19\rc\1235511 | ||
| 005 | 20250617231113.0 | ||
| 035 | _a(NLR Aleph) 004395044 | ||
| 090 |
_a3803503 _c3803503 |
||
| 100 | _a20060306e18841884|||y0rusy50 ca | ||
| 101 | 0 | _arus | |
| 102 | _aRU | ||
| 105 | _ay a ||||| | ||
| 135 | _acrmn mmmanaba | ||
| 200 | 1 |
_aБиблиографическая заметка по поводу III тома Живописной России (Литва и Белоруссия - соч. Киркора) _f[Соч.] Белорусса |
|
| 210 |
_aВильна _cтип. Губ. правл. _d1884 |
||
| 215 |
_a34 с. _d21 |
||
| 311 | _aОтт. из Литовск. епарх. ведомостей | ||
| 325 | _aКопия доступна в Электрон. б-ке РНБ | ||
| 488 | 0 |
_12001#$aЛитовские епархиальные ведомости _tЛитовские епархиальные ведомости |
|
| 532 | 1 | 1 | _aБиблиографическая заметка по поводу третьего тома Живописной России (Литва и Белоруссия - соч. Киркора) |
| 700 | 0 | _aБелорусс | |
| 702 | 1 |
_aКиркор _4570 |
|
| 801 | 0 |
_aRU _bNLR _gpsbo |
|
| 801 | 1 |
_aRU _bProSoft-M _2rusmarc |
|
| 852 |
_aNLR _j18.163.1.389 |
||
| 942 | _cBOOK | ||
| 980 | _aNB | ||
| 981 | 2 | 2 |
_a(22) Материалы по истории России _b(22) Материалы по отдельным регионам |